| 000 | 00472nam a22001457a 4500 | ||
|---|---|---|---|
| 008 | 140605b xxu||||| |||| 00| 0 eng d | ||
| 020 | _a0863160573 | ||
| 050 | _aHQ57.2.L477 | ||
| 100 |
_aLee, Carol _910612 |
||
| 245 |
_aThe Ostrich position _bsex, schooling and mystification _cCarol Lee |
||
| 260 |
_aPortsmouth _bWriters and Readers Publishing Cooperative Society _c1983 |
||
| 300 |
_avii, 149p. ; _c20cm. |
||
| 650 |
_aSex instruction _910613 |
||
| 942 |
_2lcc _cMONOGRAPH |
||
| 999 |
_c120622 _d120622 |
||